000
00347 a2200169 4500
001
191838
020
_a
85-0204176-2
040
_c
Magnum
100
_a
Pinsky, Mirna
240
1
0
_a
Faz-de-conta
_l
por
245
1
0
_a
Faz-de-conta
300
_a
63
362
0
_a
2003
440
1
_a
Saraiva
697
_a
LITERATURA INFANTO-JUVENIL
942
_c
BK
999
_c
191838
_d
191838